[Event "Philadelphia Open"]
[Site "Philadelphia"]
[Date "2017.04.15"]
[Round "6.26"]
[White "Yang, Kevin"]
[Black "FM Jayaraman, Arvind"]
[Result "1/2-1/2"]
[WhiteElo "2016"]
[BlackElo "2198"]
[PlyCount "52"]
[EventDate "2017.04.??"]
[EventType "swiss"]
[EventRounds "9"]
[EventCountry "USA"]

1. e4 e5 2. Nf3 Nc6 3. Bc4 Bc5 4. c3 Nf6 5. d3 d6 6. Bb3 h6 7. h3 O-O 8. Nbd2
Re8 9. Nf1 Be6 10. Ng3 d5 11. Qe2 dxe4 12. dxe4 Bxb3 13. axb3 a6 14. O-O Qd7
15. Rd1 Qe6 16. b4 Bf8 17. Be3 b5 18. Ne1 Reb8 19. Nd3 a5 20. bxa5 Nxa5 21. Bc5
Bxc5 22. Nxc5 Qc4 23. Qe3 Nb3 24. Rxa8 Rxa8 25. Nxb3 Qxb3 26. Rd2 Qc4 1/2-1/2

[Event "Philadelphia Open"]
[Site "Philadelphia"]
[Date "2017.04.15"]
[Round "6.29"]
[White "FM Jacobsen, Brandon"]
[Black "FM Guo, Arthur"]
[Result "1-0"]
[WhiteElo "2188"]
[BlackElo "2061"]
[PlyCount "111"]
[EventDate "2017.04.??"]
[EventType "swiss"]
[EventRounds "9"]
[EventCountry "USA"]

1. Nf3 Nf6 2. g3 e6 3. Bg2 d5 4. c4 Be7 5. O-O O-O 6. d4 c6 7. Qc2 b6 8. b3 Bb7
9. Rd1 Na6 10. Nc3 Rc8 11. Bb2 Rc7 12. Rac1 Qa8 13. Qb1 dxc4 14. bxc4 c5 15. d5
exd5 16. cxd5 Nxd5 17. Nxd5 Bxd5 18. Ng5 Bxg5 19. Rxd5 Bh6 20. Rh5 Qe8 21. Be4
Rc6 22. Bxh7+ Kh8 23. Bd3 Nc7 24. Rc4 Re6 25. Rch4 Qc6 26. g4 Rd8 27. g5 Rdd6
28. Rxh6+ Rxh6 29. Rxh6+ Rxh6 30. Be4 Qd6 31. gxh6 Qxh6 32. Qd3 Ne6 33. Qg3 Kg8
34. e3 Qh5 35. Bxg7 Nxg7 36. Qb8+ Ne8 37. Qxe8+ Kg7 38. Qd7 Qe5 39. Bd5 Qg5+
40. Kf1 Qh5 41. e4 Qf3 42. Qc7 Qf6 43. Qxa7 Qf4 44. Qxf7+ Qxf7 45. Bxf7 Kxf7
46. Ke2 b5 47. Kd3 Kf6 48. f4 Kg6 49. Kc3 Kh5 50. e5 Kg6 51. e6 Kf6 52. f5 Ke7
53. h4 Kf6 54. a3 Ke7 55. h5 Kf6 56. h6 1-0

[Event "Philadelphia Open"]
[Site "Philadelphia"]
[Date "2017.04.15"]
[Round "6.31"]
[White "Umayan, Vincent"]
[Black "WIM Eswaran, Ashrita"]
[Result "1-0"]
[WhiteElo "1983"]
[BlackElo "2162"]
[PlyCount "97"]
[EventDate "2017.04.??"]
[EventType "swiss"]
[EventRounds "9"]
[EventCountry "USA"]

1. d4 Nf6 2. Nf3 e6 3. c4 c5 4. d5 exd5 5. cxd5 d6 6. Nc3 g6 7. Nd2 Bg7 8. e4
O-O 9. Be2 Na6 10. O-O Nc7 11. a4 b6 12. Nc4 Ba6 13. Bg5 Bxc4 14. Bxc4 Qd7 15.
h3 h6 16. Bh4 Rae8 17. Re1 Nh5 18. Qg4 Qxg4 19. hxg4 Bf6 20. gxh5 Bxh4 21. e5
dxe5 22. hxg6 Kg7 23. gxf7 Rxf7 24. g3 Bf6 25. d6 Ne6 26. a5 Rb7 27. Bd5 Rd7
28. axb6 axb6 29. Bc6 Red8 30. Bxd7 Rxd7 31. Ne4 Ng5 32. Nxg5 hxg5 33. Red1 Kf7
34. Ra6 Bd8 35. Kg2 Ke6 36. Kf3 Rxd6 37. Rxd6+ Kxd6 38. Ke4 c4 39. Ra4 b5 40.
Ra6+ Kc5 41. Kxe5 b4 42. Ra8 Bb6 43. f4 gxf4 44. gxf4 Kb5 45. Ke4 b3 46. Rc8
Bc5 47. Kd5 Be7 48. Rb8+ Ka6 49. Kxc4 1-0

[Event "Philadelphia Open"]
[Site "Philadelphia"]
[Date "2017.04.15"]
[Round "6.32"]
[White "WFM Inapuri, Ramya"]
[Black "Myers, Dominique"]
[Result "1-0"]
[WhiteElo "2157"]
[BlackElo "2059"]
[PlyCount "81"]
[EventDate "2017.04.??"]
[EventType "swiss"]
[EventRounds "9"]
[EventCountry "USA"]

1. g3 Nf6 2. Bg2 d5 3. Nf3 Nbd7 4. d4 g6 5. O-O Bg7 6. c4 c6 7. cxd5 cxd5 8.
Nc3 e6 9. Bf4 O-O 10. Qb3 Nb8 11. Ne5 Nc6 12. Nxc6 bxc6 13. Na4 Nd7 14. Qe3 e5
15. dxe5 Re8 16. Rac1 Nxe5 17. Qc5 Bd7 18. b3 Re7 19. Rfd1 Qe8 20. h3 f5 21.
Rxd5 cxd5 22. Qxd5+ Nf7 23. Qxa8 Rxe2 24. Qxe8+ Bxe8 25. Rc8 Bf8 26. Be3 Nd6
27. Ra8 Bf7 28. Nc3 Rc2 29. Nd5 Nc8 30. b4 Be6 31. a4 Ra2 32. Nf4 Kf7 33. Nxe6
Kxe6 34. Rxc8 Bxb4 35. Bc6 a5 36. Bb5 Rb2 37. Rc7 h6 38. Rc6+ Ke5 39. Rxg6 Bf8
40. Bxh6 Rb1+ 41. Kg2 1-0

[Event "Philadelphia Open"]
[Site "Philadelphia"]
[Date "2017.04.15"]
[Round "6.33"]
[White "Glick, Michael"]
[Black "FM Nguyen, Trung"]
[Result "0-1"]
[WhiteElo "2129"]
[BlackElo "2013"]
[PlyCount "104"]
[EventDate "2017.04.??"]
[EventType "swiss"]
[EventRounds "9"]
[EventCountry "USA"]

1. e4 g6 2. d4 Bg7 3. Nc3 d6 4. Be3 a6 5. Qd2 Nd7 6. O-O-O b5 7. f3 Bb7 8. Nge2
Nb6 9. b3 b4 10. Nb1 a5 11. d5 c5 12. dxc6 Bxc6 13. Nd4 Bd7 14. Nb5 Nf6 15. g4
O-O 16. h4 h5 17. gxh5 Nxh5 18. Nxd6 exd6 19. Qxd6 Rb8 20. Be2 a4 21. Rhg1 a3
22. c3 bxc3 23. Kc2 Qf6 24. f4 Bc6 25. e5 Be4+ 26. Bd3 Qxd6 27. exd6 Bxd3+ 28.
Rxd3 Nf6 29. Bc5 Nfd7 30. Bxa3 Ra8 31. h5 Rfe8 32. hxg6 f5 33. Rg2 Re1 34. Rd1
Rxd1 35. Kxd1 Nf6 36. Bc5 Nbd7 37. Bd4 Nd5 38. Bg1 Nb4 39. a4 c2+ 40. Rxc2 Nxc2
41. Kxc2 Bf8 42. Nc3 Bxd6 43. Be3 Bc5 44. Bc1 Kg7 45. Kd3 Kxg6 46. Kc4 Rc8 47.
Kb5 Bd4 48. Ne2 Bf6 49. Ba3 Rb8+ 50. Kc4 Nb6+ 51. Kb5 Nd5+ 52. Kc4 Ne3+ 0-1

[Event "Philadelphia Open"]
[Site "Philadelphia"]
[Date "2017.04.15"]
[Round "6.34"]
[White "Sobh, Hassan"]
[Black "IM Trujillo, Reinaldo"]
[Result "0-1"]
[WhiteElo "1827"]
[BlackElo "2126"]
[PlyCount "128"]
[EventDate "2017.04.??"]
[EventType "swiss"]
[EventRounds "9"]
[EventCountry "USA"]

1. a3 e5 2. e4 Nf6 3. d4 exd4 4. e5 Nd5 5. Qxd4 Nb6 6. Bd3 Nc6 7. Qe4 Be7 8.
Nf3 d5 9. exd6 cxd6 10. O-O d5 11. Qe2 O-O 12. Re1 Bf6 13. c3 Be6 14. Bf4 Re8
15. Qc2 h6 16. Nbd2 Rc8 17. Rad1 d4 18. c4 Na5 19. b3 Nd5 20. Bg3 Nc3 21. Ra1
b5 22. Ne4 Nxe4 23. Rxe4 Nxb3 24. Qxb3 bxc4 25. Bxc4 Bxc4 26. Rxe8+ Qxe8 27.
Qb7 d3 28. Rd1 Rd8 29. Qb4 Qe6 30. Re1 Qd5 31. Nd2 Ba6 32. Bf4 Rc8 33. Ne4 Bd4
34. Qb1 Bb7 35. Kf1 f5 36. Qxd3 fxe4 37. Qg3 Kh7 38. Qg4 Rf8 39. Rd1 Qb5+ 40.
Kg1 Bf6 41. h4 Bc8 42. Qg3 Qh5 43. Re1 Bxh4 44. Qe3 Qg6 45. Qxe4 Qxe4 46. Rxe4
Bf6 47. Be3 a6 48. Rc4 Kg6 49. Rc6 Kf7 50. a4 Re8 51. a5 Ke7 52. Bb6 Kd7 53.
Rc2 Kd6 54. f3 Kd5 55. Kf2 Bd7 56. Rc5+ Kd6 57. Rc2 Bb5 58. Rc1 Re2+ 59. Kg3
Be5+ 60. f4 Bf6 61. Kf3 Ra2 62. g4 Ra3+ 63. Kf2 Be7 64. Re1 Bh4+ 0-1

[Event "Philadelphia Open"]
[Site "Philadelphia"]
[Date "2017.04.15"]
[Round "6.35"]
[White "Tannenbaum, Zachery"]
[Black "Liang, Hairan"]
[Result "1-0"]
[WhiteElo "2122"]
[BlackElo "2022"]
[PlyCount "69"]
[EventDate "2017.04.??"]
[EventType "swiss"]
[EventRounds "9"]
[EventCountry "USA"]

1. e4 c5 2. Nf3 Nc6 3. d4 cxd4 4. Nxd4 g6 5. Nc3 Bg7 6. Be3 Nf6 7. Bc4 Qa5 8.
O-O O-O 9. Nb3 Qc7 10. Be2 d6 11. f4 b6 12. Qd2 Bb7 13. Rae1 Rad8 14. Nd5 Qd7
15. Bf3 e6 16. Nc3 Qc7 17. Rd1 Ba6 18. Be2 Qb7 19. Rfe1 d5 20. e5 Ne4 21. Nxe4
dxe4 22. Nd4 Ne7 23. c4 Nf5 24. Bf2 g5 25. Qc1 e3 26. Bxe3 gxf4 27. Nxf5 exf5
28. Bxf4 Rxd1 29. Bxd1 Qc6 30. b3 Rd8 31. Bf3 Qc5+ 32. Be3 Qc7 33. Bh6 Qc5+ 34.
Kh1 Qe7 35. Bg5 1-0

[Event "Philadelphia Open"]
[Site "Philadelphia"]
[Date "2017.04.15"]
[Round "6.36"]
[White "Juac, Majur"]
[Black "Fernandez, Nelson"]
[Result "1-0"]
[WhiteElo "2074"]
[BlackElo "1922"]
[PlyCount "69"]
[EventDate "2017.04.??"]
[EventType "swiss"]
[EventRounds "9"]
[EventCountry "USA"]

1. e4 e5 2. Nf3 Nc6 3. Bb5 a6 4. Ba4 Nf6 5. O-O Be7 6. Re1 b5 7. Bb3 d6 8. c3
O-O 9. h3 Nb8 10. d4 Nbd7 11. Nbd2 Bb7 12. Bc2 Re8 13. Nf1 Bf8 14. Ng3 g6 15.
h4 Qe7 16. Bb3 c5 17. h5 c4 18. hxg6 fxg6 19. Bc2 Bg7 20. Ng5 Rad8 21. a4 exd4
22. cxd4 h6 23. Nh3 d5 24. e5 Ne4 25. Nf4 g5 26. Nfh5 Qf7 27. Rf1 Nxe5 28. Nxg7
Nxg3 29. fxg3 Qxg7 30. dxe5 d4 31. Rf6 d3 32. Qh5 Be4 33. Bd1 d2 34. Bxd2 Rxd2
35. Qxe8+ 1-0

[Event "Philadelphia Open"]
[Site "Philadelphia"]
[Date "2017.04.15"]
[Round "6.37"]
[White "Garcia, Erick"]
[Black "Wang, Alex"]
[Result "1/2-1/2"]
[WhiteElo "2187"]
[BlackElo "1985"]
[Annotator "Hater,David"]
[PlyCount "136"]
[EventDate "2017.04.??"]
[EventType "swiss"]
[EventRounds "9"]
[EventCountry "USA"]

1. d4 Nf6 2. c4 g6 3. Nc3 Bg7 4. e4 d6 5. Nf3 O-O 6. Be2 e5 7. O-O Na6 8. Be3
Ng4 9. Bg5 Qe8 10. h3 f6 11. Bc1 Nh6 12. Be3 Nf7 13. Re1 c6 14. Bf1 Bh6 15.
Bxh6 Nxh6 16. Rb1 Nf7 17. b4 Qe7 18. b5 Nc7 19. bxc6 bxc6 20. Qa4 Qe8 21. Qa5
exd4 22. Nxd4 Ne6 23. Nxe6 Bxe6 24. c5 Qd8 25. Qa4 dxc5 26. Qxc6 Qd6 27. Qxd6
Nxd6 28. e5 fxe5 29. Rxe5 Bf7 30. Rd1 Rfd8 31. Rxc5 Rdc8 32. Rxc8+ Rxc8 33.
Rxd6 Rxc3 34. Rd8+ Kg7 35. Rd7 a5 36. Bb5 a4 37. Bxa4 Kg8 38. Bb3 Bxb3 39. axb3
Rxb3 40. f4 Rb4 41. g3 Rb2 42. Rd3 Kg7 43. Rf3 h5 44. Rf2 Rb3 45. Kg2 Kf6 46.
Rc2 Ra3 47. Rc6+ Kg7 48. g4 hxg4 49. hxg4 Rb3 50. Kf2 Ra3 51. Re6 Rb3 52. Re3
Rb7 53. Rc3 Re7 54. Kg3 Ra7 55. Re3 Kf6 56. Rb3 Kg7 57. Rb5 Rc7 58. Kh4 Ra7 59.
Kg5 Rc7 60. Kh4 Ra7 61. Kg3 Rc7 62. Kf3 Re7 63. Ra5 Kf6 64. Ra6+ Kg7 65. g5 Kf7
66. Rd6 Kg7 67. Rf6 Re8 68. Rc6 Re7 {drawn on move 88} 1/2-1/2

[Event "Philadelphia Open"]
[Site "Philadelphia"]
[Date "2017.04.15"]
[Round "6.39"]
[White "Senft, Sean"]
[Black "Kung, Thomas"]
[Result "1-0"]
[WhiteElo "1983"]
[BlackElo "2103"]
[PlyCount "75"]
[EventDate "2017.04.??"]
[EventType "swiss"]
[EventRounds "9"]
[EventCountry "USA"]

1. d4 d5 2. c4 c6 3. Nc3 Nf6 4. Nf3 dxc4 5. a4 Bf5 6. Nh4 e6 7. Nxf5 exf5 8. e3
Bb4 9. Bxc4 O-O 10. O-O Nbd7 11. Qc2 g6 12. f3 Nb6 13. Bb3 f4 14. Kh1 fxe3 15.
Bxe3 Re8 16. Bg5 Be7 17. f4 Nfd5 18. Qf2 Qd7 19. a5 Nxc3 20. axb6 Ne4 21. Qh4
Bf8 22. f5 gxf5 23. Rf3 Bg7 24. Raf1 axb6 25. Rh3 Qxd4 26. Be3 Qf6 27. Qxh7+
Kf8 28. Rhf3 Nd6 29. Bxb6 Qg6 30. Qh3 Qg4 31. Bc5 Qg6 32. Rxf5 Re6 33. Bxe6
Qxe6 34. Bxd6+ Qxd6 35. Rxf7+ Kg8 36. Qb3 Kh8 37. Qxb7 Rg8 38. Qc7 1-0

[Event "Philadelphia Open"]
[Site "Philadelphia"]
[Date "2017.04.15"]
[Round "6.40"]
[White "Kis, Lorand"]
[Black "De Fotis, Gary"]
[Result "1-0"]
[WhiteElo "2075"]
[BlackElo "1934"]
[Annotator "Hater,David"]
[PlyCount "77"]
[EventDate "2017.04.??"]
[EventType "swiss"]
[EventRounds "9"]
[EventCountry "USA"]

1. d4 Nf6 2. c4 e6 3. Nc3 Bb4 4. e3 b6 5. Bd3 Bb7 6. Nf3 Ne4 7. O-O Bxc3 8.
bxc3 f5 9. Ne1 Qh4 10. f3 Ng5 11. c5 O-O 12. f4 Ne4 13. Nf3 Qf6 14. Ba3 Rd8 15.
c4 d6 16. cxd6 cxd6 17. Rc1 Na6 18. Qa4 Nc7 19. Rfd1 h6 20. Qc2 Na6 21. Bf1 Nc7
22. Bb2 Qe7 23. a4 Rac8 24. Qb3 Ne8 25. Ra1 Rc7 26. a5 bxa5 27. Rxa5 Ba8 28.
Rda1 N8f6 29. d5 exd5 30. Bd4 Nc5 31. Qa3 dxc4 32. Bxc4+ Kh7 33. Rxa7 Bxf3 34.
gxf3 Rdd7 35. Rxc7 Rxc7 36. Qa2 Rb7 37. Kh1 Rb4 38. Be2 Qb7 39. Qc2 {White
wins on time} 1-0

[Event "Philadelphia Open"]
[Site "Philadelphia"]
[Date "2017.04.15"]
[Round "6.41"]
[White "WFM Bogdan, Ekaterina"]
[Black "Lee, Jayden"]
[Result "1-0"]
[WhiteElo "2058"]
[BlackElo "1682"]
[PlyCount "95"]
[EventDate "2017.04.??"]
[EventType "swiss"]
[EventRounds "9"]
[EventCountry "USA"]

1. d4 Nf6 2. c4 g6 3. Nc3 Bg7 4. e4 d6 5. f3 O-O 6. Be3 a6 7. Qd2 Nbd7 8. Nge2
c5 9. d5 b5 10. cxb5 Qa5 11. Nc1 axb5 12. Bxb5 Ba6 13. Bxa6 Qxa6 14. Bh6 Ne5
15. Bxg7 Kxg7 16. Qe2 c4 17. O-O Qa5 18. Rb1 Rfc8 19. Qe3 Rab8 20. f4 Ned7 21.
N1e2 Nc5 22. Nd4 Qb6 23. h3 e5 24. fxe5 dxe5 25. Nc6 Rxc6 26. dxc6 Qxc6 27. Qf3
Rb7 28. Nd5 Ncxe4 29. Nxf6 Qb6+ 30. Kh2 Nxf6 31. b3 Qa6 32. bxc4 Rxb1 33. Rxb1
Qxc4 34. Qb3 Qf4+ 35. Qg3 Qe4 36. Re1 Qd5 37. a4 Qa5 38. Ra1 Ne4 39. Qe1 Qd5
40. a5 Nd6 41. a6 Nc8 42. a7 Nb6 43. Ra5 Qc6 44. Qxe5+ Kg8 45. a8=Q+ Nxa8 46.
Qb8+ Kg7 47. Rxa8 f5 48. Qf8# 1-0

[Event "Philadelphia Open"]
[Site "Philadelphia"]
[Date "2017.04.15"]
[Round "6.42"]
[White "Alvarez, Tirso"]
[Black "Bohorquez, Maria"]
[Result "0-1"]
[WhiteElo "1580"]
[BlackElo "1570"]
[PlyCount "78"]
[EventDate "2017.04.??"]
[EventType "swiss"]
[EventRounds "9"]
[EventCountry "USA"]

1. e4 c5 2. Nf3 e6 3. d4 cxd4 4. Nxd4 a6 5. Be2 Nf6 6. Nc3 d6 7. O-O Qc7 8. Be3
Be7 9. a4 b6 10. Qd2 Bb7 11. f3 O-O 12. Kh1 Nbd7 13. Nb3 d5 14. exd5 Nxd5 15.
Nxd5 Bxd5 16. Rfd1 Rfc8 17. Bd3 Bd6 18. h3 Ne5 19. Be4 Bxe4 20. fxe4 Nc4 21.
Qf2 Nxb2 22. Bxb6 Nxd1 23. Rxd1 Bg3 24. Qe3 Bf4 25. Qf2 Qc6 26. Qxf4 Qxb6 27.
Rd7 Rf8 28. Rd6 Qc7 29. Qd2 Rfd8 30. e5 f6 31. c4 fxe5 32. c5 e4 33. Qd4 e3 34.
Qe5 e2 35. Qxe6+ Qf7 36. Qxe2 Qxb3 37. Rxd8+ Rxd8 38. Qxa6 Qg3 39. Qf1 Re8 0-1

[Event "Philadelphia Open"]
[Site "Philadelphia"]
[Date "2017.04.15"]
[Round "7.1"]
[White "GM Belous, Vladmir"]
[Black "GM Sevian, Samuel"]
[Result "0-1"]
[WhiteElo "2581"]
[BlackElo "2574"]
[PlyCount "84"]
[EventDate "2017.04.??"]
[EventType "swiss"]
[EventRounds "9"]
[EventCountry "USA"]

1. c4 e5 2. Nc3 Nf6 3. Nf3 Nc6 4. g3 d5 5. cxd5 Nxd5 6. Bg2 Nb6 7. O-O Be7 8.
a3 O-O 9. b4 Be6 10. d3 a5 11. b5 Nd4 12. Bb2 f6 13. Nd2 Qc8 14. e3 Nf5 15. Qc2
a4 16. Rfd1 Nd6 17. Rdc1 Ra5 18. Nde4 Nxb5 19. Nxb5 Rxb5 20. Qxc7 Qxc7 21. Rxc7
Nd5 22. Rc2 Rc8 23. Rac1 Rd8 24. Bf1 Rxb2 25. Rxb2 Bxa3 26. Rbb1 Bxc1 27. Rxc1
a3 28. d4 exd4 29. exd4 Nb4 30. Nc5 Bd5 31. Bc4 b5 32. Bxd5+ Nxd5 33. Nb3 b4
34. Rc5 Nc3 35. Rc4 Rb8 36. Kg2 a2 37. Rc7 a1=Q 38. Nxa1 b3 39. Nxb3 Rxb3 40.
Rd7 Nb5 41. h4 Rd3 42. d5 h6 0-1

[Event "Philadelphia Open"]
[Site "Philadelphia"]
[Date "2017.04.15"]
[Round "7.2"]
[White "GM Li, Ruifeng"]
[Black "GM Arribas, Angel"]
[Result "1/2-1/2"]
[WhiteElo "2565"]
[BlackElo "2498"]
[PlyCount "96"]
[EventDate "2017.04.??"]
[EventType "swiss"]
[EventRounds "9"]
[EventCountry "USA"]

1. e4 e5 2. Nf3 Nc6 3. d4 exd4 4. Nxd4 Bc5 5. Nb3 Bb4+ 6. c3 Be7 7. Bf4 d6 8.
Be2 Bf6 9. Bg3 Nge7 10. O-O O-O 11. f4 Ng6 12. N1d2 Bh4 13. Bxh4 Qxh4 14. g3
Qd8 15. Bf3 f5 16. Re1 Kh8 17. Bg2 Qf6 18. exf5 Bxf5 19. Ne4 Bxe4 20. Rxe4 Rae8
21. Qh5 Rxe4 22. Bxe4 Nce7 23. Re1 d5 24. Bd3 Qb6+ 25. Kh1 Ng8 26. f5 N6e7 27.
Rxe7 Nxe7 28. f6 g6 29. fxe7 Re8 30. Qe5+ Kg8 31. Qxd5+ Kg7 32. Qd7 Qc6+ 33.
Qxc6 bxc6 34. Be4 Kf6 35. Kg2 Rxe7 36. Kf3 Rd7 37. Bxc6 Rd1 38. Nc5 Ke7 39. Ke2
Ra1 40. Nd3 Rxa2 41. Be4 a5 42. Kd2 a4 43. Kc2 Ra1 44. Nc1 a3 45. bxa3 Rxa3 46.
Bd5 Ra6 47. Kd3 g5 48. Ke3 Rh6 1/2-1/2

[Event "Philadelphia Open"]
[Site "Philadelphia"]
[Date "2017.04.15"]
[Round "7.3"]
[White "Brodsky, David"]
[Black "IM Gurevich, Daniel"]
[Result "1/2-1/2"]
[WhiteElo "2313"]
[BlackElo "2465"]
[PlyCount "97"]
[EventDate "2017.04.??"]
[EventType "swiss"]
[EventRounds "9"]
[EventCountry "USA"]

1. e4 c6 2. d4 d5 3. e5 Bf5 4. Nf3 e6 5. Be2 Nd7 6. O-O Ne7 7. Nbd2 h6 8. Nb3
g5 9. Ne1 Qc7 10. Nd3 Ng6 11. Ne1 Ne7 12. Nd3 Ng6 13. Bg4 Be4 14. f4 c5 15. Nf2
gxf4 16. Nxe4 dxe4 17. d5 O-O-O 18. dxe6 fxe6 19. Bxe6 c4 20. Nd4 Qxe5 21. c3
f3 22. gxf3 Bc5 23. Bxd7+ Rxd7 24. f4 Qd5 25. Be3 Nh4 26. Kh1 Rg8 27. Rg1 Rdg7
28. Rxg7 Rxg7 29. Nc2 Qxd1+ 30. Rxd1 Rg2 31. Ne1 Rxb2 32. Bxc5 Rxa2 33. Kg1 b6
34. Bf2 Nf5 35. Ng2 Rc2 36. Ne3 Nxe3 37. Bxe3 Rxc3 38. Kf2 Rd3 39. Rc1 b5 40.
Ke2 a5 41. f5 Kd7 42. Rf1 Ke7 43. Rf4 Kf6 44. Rxe4 Kxf5 45. Rh4 a4 46. Rh5+ Ke4
47. Rh4+ Kf5 48. Rh5+ Ke4 49. Rh4+ 1/2-1/2

[Event "Philadelphia Open"]
[Site "Philadelphia"]
[Date "2017.04.15"]
[Round "7.4"]
[White "IM Balakrishnan, Praveen"]
[Black "GM Shimanov, Alex"]
[Result "0-1"]
[WhiteElo "2436"]
[BlackElo "2650"]
[PlyCount "106"]
[EventDate "2017.04.??"]
[EventType "swiss"]
[EventRounds "9"]
[EventCountry "USA"]

1. c4 Nf6 2. g3 c6 3. Bg2 d5 4. Nf3 dxc4 5. O-O Nbd7 6. Qc2 Nb6 7. b3 cxb3 8.
axb3 g6 9. Bb2 Bg7 10. d3 O-O 11. Nbd2 Bg4 12. Nc4 Bxf3 13. Bxf3 Ne8 14. d4 Nd6
15. e3 Qc7 16. Rfc1 Rfe8 17. Qe2 Ndxc4 18. bxc4 e5 19. Qc2 exd4 20. exd4 Red8
21. Rd1 Nc8 22. Bc3 Ne7 23. Be4 Rd7 24. Rd2 Rad8 25. Rxa7 Bxd4 26. Bxd4 Rxd4
27. Rxd4 Rxd4 28. Ra8+ Kg7 29. Bf3 Qe5 30. Qe2 Qxe2 31. Bxe2 Rd2 32. Bf1 Nf5
33. Rb8 Rd7 34. Bh3 Kf6 35. g4 Rd1+ 36. Bf1 Nd6 37. Kg2 c5 38. h3 Rd2 39. Kf3
g5 40. Ke3 Rd1 41. Bd3 Rh1 42. f3 Rxh3 43. Rd8 Ke7 44. Rg8 h6 45. Rh8 Rh2 46.
Rh7 b5 47. cxb5 c4 48. Bb1 c3 49. Kd3 Nxb5 50. Rh8 Rd2+ 51. Ke3 c2 52. Bxc2
Rxc2 53. Rxh6 Rc3+ 0-1

[Event "Philadelphia Open"]
[Site "Philadelphia"]
[Date "2017.04.15"]
[Round "7.5"]
[White "IM Mulyar, Michael"]
[Black "GM Sadorra, Julio"]
[Result "1/2-1/2"]
[WhiteElo "2390"]
[BlackElo "2580"]
[PlyCount "107"]
[EventDate "2017.04.??"]
[EventType "swiss"]
[EventRounds "9"]
[EventCountry "USA"]

1. d4 Nf6 2. Nf3 d5 3. c4 e6 4. Nc3 Bb4 5. Bg5 h6 6. Bh4 Nbd7 7. cxd5 exd5 8.
e3 g5 9. Bg3 Ne4 10. Nd2 Nxg3 11. hxg3 c6 12. a3 Bf8 13. e4 Bg7 14. exd5 cxd5
15. Qe2+ Kf8 16. Nxd5 Nb6 17. Nxb6 Qxb6 18. Nc4 Qxd4 19. Rd1 Qf6 20. Qd2 Bg4
21. Be2 Re8 22. Ne3 Be6 23. O-O Qxb2 24. Qd6+ Kg8 25. Bf3 b6 26. Qc6 Rc8 27.
Qb7 h5 28. Bd5 Rf8 29. Qxa7 h4 30. Bxe6 fxe6 31. Qe7 Qe5 32. Ng4 Qf5 33. Rd7
Bc3 34. Ne3 Qg6 35. g4 h3 36. Rd8 Bg7 37. gxh3 Rxh3 38. Rfd1 Rhf3 39. Rxf8+
Bxf8 40. Qb7 Qf6 41. Qxb6 Rxf2 42. Nd5 Qf3 43. Nf6+ Kh8 44. Qxf2 Qxd1+ 45. Kg2
Bg7 46. Qc5 Qd2+ 47. Kh3 Qd3+ 48. Kg2 Qe2+ 49. Kg3 Qe1+ 50. Kg2 Qd2+ 51. Kg3
Bxf6 52. Qf8+ Kh7 53. Qxf6 Qd3+ 54. Kg2 1/2-1/2

[Event "Philadelphia Open"]
[Site "Philadelphia"]
[Date "2017.04.15"]
[Round "7.6"]
[White "Hong, Andrew"]
[Black "GM Erenburg, Sergey"]
[Result "1/2-1/2"]
[WhiteElo "2378"]
[BlackElo "2568"]
[PlyCount "51"]
[EventDate "2017.04.??"]
[EventType "swiss"]
[EventRounds "9"]
[EventCountry "USA"]

1. e4 c6 2. d4 d5 3. e5 Bf5 4. Nf3 e6 5. Be2 Ne7 6. O-O Bg6 7. c3 Nf5 8. Qb3
Qb6 9. g4 Ne7 10. Nh4 Nd7 11. Be3 Qxb3 12. axb3 f5 13. h3 Bf7 14. b4 g6 15. Nd2
a6 16. Nb3 Nc8 17. f4 Be7 18. Ng2 Rb8 19. Kh2 Kd8 20. Ne1 Ncb6 21. Nc2 Kc7 22.
Na5 Ra8 23. Kg3 Rhg8 24. g5 Rh8 25. h4 h6 26. Bf3 1/2-1/2

[Event "Philadelphia Open"]
[Site "Philadelphia"]
[Date "2017.04.15"]
[Round "7.7"]
[White "FM Thavandiran, Shiyam"]
[Black "GM Paragua, Mark"]
[Result "0-1"]
[WhiteElo "2325"]
[BlackElo "2521"]
[PlyCount "92"]
[EventDate "2017.04.??"]
[EventType "swiss"]
[EventRounds "9"]
[EventCountry "USA"]

1. e4 c5 2. Nf3 d6 3. d4 cxd4 4. Nxd4 Nf6 5. Nc3 a6 6. Nb3 e6 7. g4 d5 8. exd5
Bb4 9. Bd2 Nxd5 10. Ne4 Be7 11. Qf3 O-O 12. O-O-O Qc7 13. Kb1 b5 14. Qg3 Qb6
15. Bg2 Nc6 16. Nd6 Rd8 17. Nxc8 Raxc8 18. Be3 Nxe3 19. Qxe3 Qxe3 20. fxe3 Ne5
21. h3 Nc4 22. Bb7 Rb8 23. Bxa6 Rd6 24. Rxd6 Nxd6 25. a4 bxa4 26. Nd4 Rb6 27.
Bd3 Bf6 28. c4 a3 29. b3 e5 30. Nb5 e4 31. Be2 Nxb5 32. cxb5 Kf8 33. Rc1 Rd6
34. Rd1 Ke7 35. Ka2 Bg5 36. Rxd6 Kxd6 37. Kxa3 Bxe3 38. Kb4 g6 39. Kc4 f5 40.
gxf5 gxf5 41. Bd1 f4 42. Bg4 f3 43. Kc3 Ke5 44. Kc2 Kf4 45. Kd1 Kg3 46. Bf5 f2
0-1

[Event "Philadelphia Open"]
[Site "Philadelphia"]
[Date "2017.04.20"]
[Round "7.8"]
[White "IM Checa, Nicolas"]
[Black "GM Berczes, David"]
[Result "1-0"]
[WhiteElo "2400"]
[BlackElo "2500"]
[PlyCount "145"]
[EventDate "2017.04.??"]
[EventType "swiss"]
[EventRounds "9"]
[EventCountry "USA"]

1. Nf3 d5 2. d4 Bf5 3. c4 e6 4. Nc3 Nf6 5. cxd5 exd5 6. Qb3 Nc6 7. Bg5 Na5 8.
Qa4+ c6 9. Bxf6 gxf6 10. e3 Qb6 11. O-O-O Qb4 12. Bd3 Qxa4 13. Nxa4 Bg6 14. Nh4
Rg8 15. g3 O-O-O 16. Nc3 Nc4 17. Nf5 Kc7 18. Kc2 Bb4 19. a3 Bxc3 20. Kxc3 Bxf5
21. Bxf5 h6 22. Bd3 Nd6 23. Kd2 a5 24. Rc1 Kd7 25. Ke2 a4 26. Rc5 Ra8 27. Rhc1
f5 28. R5c2 Ra5 29. Kf3 Ke6 30. h3 h5 31. Kf4 Ne4 32. Rg1 h4 33. g4 Kf6 34. Rh1
Raa8 35. Rh2 Rae8 36. f3 Ng3 37. Bxf5 Nf1 38. Rhe2 Ng3 39. Rg2 Rd8 40. Rcd2 Rg5
41. e4 dxe4 42. fxe4 Rgg8 43. g5+ Ke7 44. Kg4 Rh8 45. Rgf2 Rdg8 46. d5 Rh5 47.
dxc6 bxc6 48. Kf4 Nxf5 49. exf5 Rgxg5 50. Rfe2+ Kf6 51. Rd6+ Kg7 52. Re5 Rg2
53. Rd8 Kf6 54. Rd6+ Kg7 55. Rxc6 Rxb2 56. Kg4 Rh6 57. Rxh6 Kxh6 58. Ra5 Rg2+
59. Kxh4 Rf2 60. Kg4 Rg2+ 61. Kf4 Rf2+ 62. Ke5 Kg7 63. Rxa4 Rf3 64. h4 f6+ 65.
Ke4 Rh3 66. Kd5 Re3 67. Kc6 Rf3 68. Rg4+ Kh6 69. a4 Kh5 70. Rb4 Kh6 71. a5 Rxf5
72. a6 Ra5 73. Kb7 1-0

[Event "Philadelphia Open"]
[Site "Philadelphia"]
[Date "2017.04.15"]
[Round "7.9"]
[White "IM Haubro, Martin"]
[Black "GM Panchanathan, Magesh"]
[Result "1/2-1/2"]
[WhiteElo "2355"]
[BlackElo "2494"]
[PlyCount "111"]
[EventDate "2017.04.??"]
[EventType "swiss"]
[EventRounds "9"]
[EventCountry "USA"]

1. e4 e5 2. Nf3 Nc6 3. Bb5 a6 4. Ba4 Nf6 5. O-O Be7 6. Re1 b5 7. Bb3 d6 8. c3
O-O 9. h3 Nd7 10. d4 Bf6 11. a4 Rb8 12. axb5 axb5 13. Be3 Ne7 14. Nbd2 Bb7 15.
Bc2 Ng6 16. Nf1 d5 17. Ng3 Re8 18. exd5 Bxd5 19. Ne4 exd4 20. Bxd4 Bxd4 21.
Qxd4 c6 22. Ned2 Rxe1+ 23. Rxe1 Ndf8 24. Qg4 Ne6 25. h4 Qf6 26. Ne4 Qf4 27.
Qxf4 Ngxf4 28. Ra1 Rd8 29. Ned2 Nc5 30. g3 Nfe6 31. b4 Nd7 32. Be4 Nf6 33. Bxd5
Nxd5 34. Ra3 Kf8 35. Kf1 Rc8 36. Ne4 c5 37. bxc5 Nxc5 38. Nd6 Rb8 39. Nd4 b4
40. Ra5 b3 41. Nxb3 Rxb3 42. Rxc5 Nxc3 43. Nf5 Ke8 44. Nxg7+ Ke7 45. Rc7+ Kf6
46. Nh5+ Kf5 47. Nf4 Ne4 48. Kg2 Nd6 49. Rd7 Ke5 50. Rd8 h6 51. Ra8 Nf5 52. Ra7
Nxh4+ 53. Kh3 Nf3 54. Ra6 Ng5+ 55. Kg2 Ne6 56. Nxe6 1/2-1/2